Strategiczny plan dla gminy jak osiagnac sukces
Salvato in:
| Autore principale: | |
|---|---|
| Altri autori: | |
| Natura: | Libro |
| Lingua: | polacco |
| Pubblicazione: |
Warszawa
Agencja Rozwoju Komunalnego
1998
|
| Soggetti: | |
| Tags: |
Nessun Tag, puoi essere il primo ad aggiungerne!!
|
MARC
| LEADER | 00000nam a2200000 4500 | ||
|---|---|---|---|
| 001 | c117715 | ||
| 005 | 20230220124214.0 | ||
| 020 | |a 83-86691-26-3 | ||
| 041 | 0 | |a pol | |
| 044 | |a PL | ||
| 245 | 1 | 0 | |a Strategiczny plan dla gminy |b jak osiagnac sukces |c Gerald L. Gordon ; [preklad: OtKar Alicja Kostecka] |
| 264 | 1 | |a Warszawa |b Agencja Rozwoju Komunalnego |c 1998 | |
| 300 | |a 160 s. | ||
| 610 | 2 | 0 | |a plán strategický |
| 610 | 2 | 0 | |a obce |
| 610 | 2 | 0 | |a samospráva |
| 610 | 2 | 0 | |a plánovanie strategické |
| 610 | 2 | 0 | |a analýzy |
| 610 | 2 | 0 | |a ciele riadenia |
| 610 | 2 | 0 | |a kontrola |
| 610 | 2 | 0 | |a etika |
| 610 | 2 | 0 | |a zdroje ľudské |
| 610 | 2 | 0 | |a prognózovanie |
| 610 | 2 | 0 | |a správa miestna |
| 610 | 2 | 0 | |a štúdie prípadové |
| 610 | 2 | 0 | |a politika komunálna |
| 100 | 1 | |a Gordon, Gerald L. | |
| 700 | 1 | |a Kostecka, OtKar Alicja | |